| 000 | 01308cam a22003495i 4500 | ||
|---|---|---|---|
| 001 | 017009680 | ||
| 003 | EG-ScBUE | ||
| 005 | 20260318094653.0 | ||
| 008 | 150106t2015 nyua f b 001 0 eng d | ||
| 020 | _a9781259252167 | ||
| 020 | _a1259252167 | ||
| 040 |
_aEG-ScBUE _beng _erda _cEG-ScBUE _dEG-ScBUE |
||
| 082 | 0 | 4 |
_a579.078 _bBRO _222 |
| 100 | 1 |
_aBrown, Alfred E. _c(Emeritus professor of microbiology), _eauthor. |
|
| 245 | 1 | 0 |
_aBenson's microbiological applications : _blaboratory manual in general microbiology / _cAlfred E. Brown, emeritus professor, Auburn University, and Heidi Smith, Front Range Community College. |
| 250 | _aThirteenth edition. | ||
| 250 | _aMcGraw-Hill international edition. | ||
| 264 | 1 |
_aNew York, NY : _bMcGraw-Hill Education, _c[2015] |
|
| 264 | 4 | _cc2015 | |
| 300 |
_a1 volume (various pagings) : _billustrations ; _c28 cm |
||
| 336 |
_2rdacontent _atext _btxt |
||
| 337 |
_aunmediated _2rdamedia _bn |
||
| 338 |
_avolume _bnc _2rdacarrier |
||
| 500 | _aComplete version. | ||
| 500 | _aIncludes Appendices. | ||
| 504 | _aIncludes bibliographical references and index. | ||
| 650 | 7 |
_aMicrobiology _vLaboratory manuals. _2BUEsh |
|
| 653 |
_bPPhrm _cDecember2016 |
||
| 655 | _vReading book | ||
| 700 | 1 |
_aSmith, Heidi _c(College teacher), _eauthor. |
|
| 942 |
_2ddc _cBB |
||
| 999 |
_c23513 _d23485 |
||